| 000 | 00640nam a22001937a 4500 | ||
|---|---|---|---|
| 999 |
_c15156 _d15156 |
||
| 003 | AR-CdUCM | ||
| 008 | 190426b ||||| |||| 00| 0 spa d | ||
| 020 | _a978-1-4749-0873-3 | ||
| 040 |
_aMUNICIPALIDAD PROVINCIAL DEL CUSCO _cBIBLIOTECA MUNICIPAL DEL CUSCO |
||
| 082 |
_aPI / 581.1 / _bU89 |
||
| 110 |
_aUsborne _933460 |
||
| 245 |
_aComo crecen las flores : _bmis primeras preguntas / |
||
| 260 |
_aLondres : _bUsborne, _c2015. |
||
| 300 |
_a12 páginas ; _bIlustraciones, _c21 cm. |
||
| 650 |
_aLiteratura infantil _9588 |
||
| 700 |
_aNavarro Gosálvez, Antonio (traducción) _934180 |
||
| 942 |
_2ddc _cLIBROS |
||
| 945 |
_aacv _d2019-04-26 |
||